000 00255nam a22001217a 4500
082 _a822
_bSHA/O
100 _aSHAKESPEARE
245 _aOTHELLO
260 _aNEW DELHI
_bS CHAND & COMPANY LTD.
300 _a103
650 _aNOVEL
_zNEW DELHI
942 _cBK
999 _c3497
_d3497